UNCTAD/ICC pravidlá pre doklady multimodálnej dopravy

Enregistré dans:
Détails bibliographiques
Autres auteurs: Rajtar, Jozef
Format: Livre
Langue:slovaque
anglais
Publié: Bratislava Slovenská obchodná a priemyselná komora 2005
Sujets:
Tags: Ajouter un tag
Pas de tags, Soyez le premier à ajouter un tag!

MARC

LEADER 00000nam$a2200000$$$4500
001 0037908
005 20240318114741.6
020 |a 80-89105-13-0 
041 0 |a slo 
041 0 |a eng 
044 |a SK 
245 1 0 |a UNCTAD/ICC  |b pravidlá pre doklady multimodálnej dopravy  |c preklad: Jozef Rajtar 
264 1 |a Bratislava  |b Slovenská obchodná a priemyselná komora  |c 2005 
300 |a 31 s. 
610 2 0 |a doprava vodná nákladná 
610 2 0 |a doprava vodná vnútroštátna 
610 2 0 |a doprava námorná 
610 2 0 |a operátori 
610 2 0 |a ručenie 
610 2 0 |a tovar 
610 2 0 |a škody 
610 2 0 |a lehoty dodacie 
610 2 0 |a smernice 
610 2 0 |a predpisy 
610 2 0 |a zamestnanci 
610 2 0 |a dohody medzinárodné 
610 2 0 |a 2005 
700 1 |a Rajtar, Jozef